00590nam a2200205Ia 450000500170000000800410001702000100005804000190006804100120008708200150009910000170011424500400013126000410017130000180021265000200023085000100025094200070026099900160026795201010028320230504104617.0131103s9999 xx 000 0 und d cRs.40 aLoreto College aEnglish a823.8bWIL aWilde, Oscar aComplete fairy tales of Oscar Wilde aNew DelhibPrichay Overseasc[19 -?] a204 p.b ill. aEnglish Fiction aLCLIB cBK c5186d55665 00102ddc4070aMAINbMAINd2013-11-04l0o823.8 WIL 37850pB5054r2013-11-04w2013-11-04yBKf